Delay and disruption protocol - a brief overview (Record no. 71934)
[ view plain ]
| 000 -LEADER | |
|---|---|
| fixed length control field | 01335cam a2200241 4500 |
| 001 - CONTROL NUMBER | |
| control field | ABS66339 |
| 008 - FIXED-LENGTH DATA ELEMENTS--GENERAL INFORMATION | |
| fixed length control field | 030117n2002 000 0 eng u |
| 035 ## - SYSTEM CONTROL NUMBER | |
| System control number | (Sirsi) u121052 |
| 100 ## - MAIN ENTRY--PERSONAL NAME | |
| Personal name | Longbottom, J. |
| 245 ## - TITLE STATEMENT | |
| Title | Delay and disruption protocol - a brief overview |
| 260 ## - PUBLICATION, DISTRIBUTION, ETC. | |
| Date of publication, distribution, etc. | 2002 |
| 490 ## - SERIES STATEMENT | |
| Series statement | Surveying |
| Volume/sequential designation | 11(11) December 2002, 20-22(3) |
| 520 ## - SUMMARY, ETC. | |
| Summary, etc. | Overview of the Society of Construction Law in the UK's official launch of its "Delay and disruption protocol". The preface to the protocol states: 'The protocol exists to provide guidance to all parties to the construction process when dealing with time/delay matters. It recognises that transparency of information and methodology is central to both dispute prevention and dispute resolution'. Article contains outlines of programmes, records, float, concurrency, mitigation, delay analysis, prolongation costs and disruption. Copies of the protocol downloadable at: www.eotprotocol.com. |
| 590 ## - LOCAL NOTE (RLIN) | |
| Local note | ABS |
| 650 ## - SUBJECT ADDED ENTRY--TOPICAL TERM | |
| Topical term or geographic name entry element | DELAY |
| 650 ## - SUBJECT ADDED ENTRY--TOPICAL TERM | |
| Topical term or geographic name entry element | DISRUPTION |
| 650 ## - SUBJECT ADDED ENTRY--TOPICAL TERM | |
| Topical term or geographic name entry element | CONCURRENT DELAYS |
| 650 ## - SUBJECT ADDED ENTRY--TOPICAL TERM | |
| Topical term or geographic name entry element | MITIGATION |
| 650 ## - SUBJECT ADDED ENTRY--TOPICAL TERM | |
| Topical term or geographic name entry element | SOCIETY OF CONSTRUCTION LAW DELAY AND DISRUPTION PROTOCOL |
| 690 ## - LOCAL SUBJECT ADDED ENTRY--TOPICAL TERM (OCLC, RLIN) | |
| Topical term or geographic name as entry element | Dispute resolution |
| 9 (RLIN) | 6236 |
| 856 ## - ELECTRONIC LOCATION AND ACCESS | |
| Uniform Resource Identifier | <a href="https://www.eotprotocol.com">https://www.eotprotocol.com</a> |
| Public note | View the delay and disruption protocol on the Society of Construction Law website... |
| 942 ## - ADDED ENTRY ELEMENTS (KOHA) | |
| Suppress in OPAC | 0 |
| Withdrawn status | Lost status | Source of classification or shelving scheme | Damaged status | Not for loan | Home library | Current library | Shelving location | Date acquired | Total Checkouts | Full call number | Barcode | Date last seen | Copy number | Price effective from | Koha item type |
|---|---|---|---|---|---|---|---|---|---|---|---|---|---|---|---|
| Dewey Decimal Classification | London | London | Journal article | 17/01/2003 | ABS66339 | 121052-1001 | 06/08/2019 | 1 | 06/08/2019 | Journal article |